000 00316 a2200133 4500
001 154561
040 _cEscola São Tomás de Aquino
100 _aMEDEIROS, Celme Farias
240 1 0 _aAs letrinhas fazem a festa
_lpor
245 1 0 _aAs letrinhas fazem a festa
300 _a111
697 _aRELIGIÃO
942 _cBK
999 _c154561
_d154561